000 00254nam a22001217a 4500
003 SGT
082 _a823
_bMIT
100 _aMITCHELL MARGARET
245 _aGONE WITH THE WIND
260 _aDELHI
_bLEXICON PUB
_c2012
300 _a836
942 _2ddc
_cBK
999 _c34009
_d34009